000 00694nam a22002177a 4500
003 OSt
005 20251121084359.0
008 251121b |||||||| |||| 00| 0 eng d
020 _a978130587799
040 _aDWCL-Main lib
_cOC
082 _aCirc. 005.6 F899m 2017
100 _aFriedrichsen, Lisa
245 _aMicrosoft office 365 access 2016/
_cLisa Friedrichsen
260 _aAustralia Boston, MA:
_bCengage Learning ,
_cc2017.
300 _aviii, 216 pages :
_bcolor illustrations ;
_c28cm
504 _aIncludes index and glossary
650 _a1. Data-base management
650 _a2. Microsoft access
650 _a3. Microsoft office
942 _2ddc
_cBK-CIRC
_kCirc.
_n0
999 _c5936
_d5936